Car Models by Picture #6 - Statistics

General Stats
  • This quiz has been taken 222 times
  • The average score is 7 of 12
Answer Stats
Picture Hint Answer % Correct
Volkswagen Golf
90%
Bugatti Chiron
86%
Lamborghini Aventador
84%
Porsche Taycan
75%
Dodge Charger
73%
Renault Clio
72%
Peugeot 206
65%
Honda NSX
63%
Mitsubishi Colt
36%
Saab 9-5
32%
Fiat Uno
29%
MG ZS
12%
No matching quizzes found
Score Distribution
Percent of People with Each Score
Percentile by Number Answered
Your Score History
You have not taken this quiz